Normal view
MARC view
- Pathway To Pakistan
Entry Topical Term
001 - CONTROL NUMBER
- control field: 111761
003 - CONTROL NUMBER IDENTIFIER
- control field: NUST
005 - DATE AND TIME OF LATEST TRANSACTION
- control field: 20230406102734.0
008 - FIXED-LENGTH DATA ELEMENTS
- fixed length control field: 230406|| aca||aabn | a|a d
040 ## - CATALOGING SOURCE
- Original cataloging agency: NUST
- Transcribing agency: NUST
150 ## - HEADING--TOPICAL TERM
- Topical term or geographic name entry element: Pathway To Pakistan
670 ## - SOURCE DATA FOUND
- Source citation: Work cat.: (NUST)187410: Khaliquzzaman, Choudhry 111760, Pathway To Pakistan /
